000 005560000a22001810004500
003 MACL
005 20160423122020.0
008 160423b xxu||||| |||| 00| 0 eng d
040 _aMACL
_cMACL
041 _aHindi
082 _a800 ASH
100 _aटोकी राजेन्‍द्र
_953512
245 _aउपेन्‍द्रनाथ अश्‍क
260 _bसाहित्‍य अकादेमी
_c2004
_aनई दिल्‍ली
350 _a25
650 _aLiterature
_953513
942 _cHIN
_k800/ASH/L
_2ddc
999 _c18748
_d18748